000 00385nam a2200169Ia 4500
008 090124s9999 xx 000 0 und d
082 _b339
100 _aGALSWORTHY JOHN
245 _aTHE FORSYTE SAGA
250 _a0
300 _a780
600 _aGALSWORTHY JOHN
630 _aTHE FORSYTE SAGA
700 _aGALSWORTHY JOHN
730 _aTHE FORSYTE SAGA
942 _cBOOK
999 _c81595
_d81595